Statistiques concernant Dans quel club joue ce footballeur ?

Cliquez ici pour prendre le quiz!

Statistiques générales

  • Ce quiz a été pris 12 653 fois
  • Le résultat moyen est 13 sur 15

Statistiques - réponses

JoueurClub% Correct
Sergio AgüeroManchester City
95%
Edinson CavaniParis Saint-Germain
92%
Antoine GriezmannAtlético Madrid
91%
Robert LewandowskiBayern Munich
91%
Lionel MessiFC Barcelone
91%
Dimitri PayetOlympique de Marseille
91%
Gianluigi BuffonJuventus FC
90%
Cristiano RonaldoReal Madrid
90%
Eden HazardChelsea FC
89%
Paul PogbaManchester United
88%
Hugo LlorisTottenham Hotspur
86%
Radamel FalcaoAS Monaco
83%
Mario GötzeBorussia Dortmund
80%
Leonardo BonucciAC Milan
75%
Alexis SánchezArsenal FC
75%

Distribution des résultats

Percentile par nombre de réponses

% des personnes avec chaque résultat

Votre développement - résultats

Vous n’avez pas pris ce quiz